| 000 | 00537nam a2200205Ia 4500 | ||
|---|---|---|---|
| 003 | OSt | ||
| 005 | 20230608101544.0 | ||
| 008 | 210423s2007 xx 000 0 und d | ||
| 040 | _cAL | ||
| 041 | _aeng | ||
| 082 |
_a307.72 _223 _bVERR |
||
| 100 |
_aVERMA (S B) _9122261 |
||
| 245 | _aRural development reforms | ||
| 260 |
_aNew Delhi _bDeep and deep publication _c2007 |
||
| 365 |
_b950 _cINR |
||
| 650 |
_aRural Communities _9122262 |
||
| 650 |
_aSociology _9122263 |
||
| 906 | _adevelopment ; reforms ; Rural | ||
| 942 |
_2ddc _cBK |
||
| 999 |
_c175208 _d175208 |
||